00452 2200169 4500001002100000005001500021035002000036007000300056008004100059082001000100084001600110100002000126245006300146260003300209300003100242990000900273INLIS00000000000885720210524103857 a0010-0521000150ta210524 g 0 ind  a372.6 a372.6 WAH l0 aWahyoe Soedjono1 aLatihan menulis huruf taman kanak-kanak /cWahyoe Soedjono aJakarta :bWahyumedia,c2006 a32 hlm. ;c16,5 cm x 21 cm a350a